00330nam a2200157Ia 4500003000900000008004100009040001300050040001300063041000900076100001700085245002900102250000900131260001500140300001000155490000700165IT-RoPAU120407s9999 xx 000 0 und d aIT-RoPAU cIT-RoPAU alat  aLouis Billot aDe Ecclesiae sacramentis aRoma aGregoriana c22 cm v22